00815nam a2200241Ia 450000500170000000800410001702000150005804100080007310000390008124501100012025000220023030000280025265000250028065000250030565000290033070000370035926400430039633600270043933700330046633800280049904000350052708400110056220220316235710.0121119s2002 ck gr 000 f spa  a95804675281 aspa1 aStevenson, Robert Louisd1850-189413aEl extraño caso del Dr. Jekyll y Mr. Hyde cRobert Louis Stevenson ; traducción, Javier Escobar Isaza aSegunda edición a98, 39 páginasc22 cm14aLocuravNovela2LEMB14aNovela inglesa2LEMB14aLiteratura inglesa2LEMB1 aEscobar Isaza, Javieretraductor aBogotá bGrupo Editorial Normac2002 atextobtxt2rdacontent asin mediaciónbn2rdamedia avolumenbnc2rdacarrier aCO-BoRNBPbspaerdacCO-BoRNBP aN STE2